Hitotsubashi journal of commerce and management

Uložené v:
Podrobná bibliografia
Médium: Seriál
Jazyk:English
Vydavateľské údaje: Tokyo Hitotsubashi Academy 1996
Predmet:
Tagy: Pridať tag
Žiadne tagy, Buďte prvý, kto otaguje tento záznam!

MARC

LEADER 00000nas2a2200000 4500
001 s107277
005 20221221070414.3
022 |a 0018-2796 
041 0 |a eng 
044 |a JP 
245 1 0 |a Hitotsubashi journal of commerce and management 
264 1 |a Tokyo  |b Hitotsubashi Academy  |c 1996 
300 |a 1 zv. 
773 0 |w eu_un_cat*s120197 
610 2 0 |a obchod 
610 2 0 |a manažment